• 首页
  • 本馆介绍
  • 公告通知
  • 最新文献
  • 馆藏检索
  • 电子资源
  • 读者导购
  • 参考咨询
  • 我的图书馆
  • 登录
  • 详细信息显示
  • 放入我的书架
  • 预约/预借图书
  • 作者相关作品
  • 分类相关作品
  • 丛书相关作品
  • 出版社相关作品

书目信息

  • 表格格式
  • 工作单格式
  • 卡片格式
题名:
中国结·花艺之美
    
 
作者: 林昭胜 编著
分册:  
出版信息: 郑州   河南科学技术出版社  2004
页数: 80页
开本: 21cm
丛书名: 巧手DIY
单 册:
中图分类: J523.4
科图分类:
主题词: 绳结--手工艺品--制作 , 插花--设计
电子资源:
ISBN: 7-5349-3129-0
000 00948oam2 2200265 45
001 002670172
005 20050322164428.3
010    @a7-5349-3129-0@dCNY15.00
100    @a20040625d2004 em y0chiy0110 ea
101 0  @achi
102    @aCN@b410000
105    @aa z 000yy
200 1  @a中国结·花艺之美@Azhong guo jie · hua yi zhi mei@dChina's Konts & Flowers@f林昭胜编著@FLin Zhao Sheng Bian Zhu
210    @a郑州@c河南科学技术出版社@d2004
215    @a80页@c彩图@d21cm
225 2  @a巧手DIY
330    @a本书作者多年潜心研究中国结,将中国结与花艺创作有机地结合起来,编结出各种花朵数十种,并且以深入浅出的方法及详细的说明,告诉中国结的爱好者如何用编结艺术展示插花艺术。
410    @12001 @a巧手DIY
512 1  @a中国结花艺之美@Azhong guo jie hua yi zhi mei
606 0  @a绳结@x手工艺品@x制作
606 0  @a插花@x设计
690    @aJ523.4@v4
701  0 @a林昭胜@4编著
801  0 @aCN@bNLC@c20040805
905    @f2@b345590-591@dJ523.4@e106
    
    中国结·花艺之美=China's Konts & Flowers/林昭胜编著.-郑州:河南科学技术出版社,2004
    80页:彩图;21cm.-(巧手DIY)
    
    
    ISBN 7-5349-3129-0:CNY15.00
    本书作者多年潜心研究中国结,将中国结与花艺创作有机地结合起来,编结出各种花朵数十种,并且以深入浅出的方法及详细的说明,告诉中国结的爱好者如何用编结艺术展示插花艺术。
●
相关链接 在E读中查询图书 在五车中查询图书 在当当中查询图书 在豆瓣中查询图书


正题名:中国结·花艺之美     索取号:J523.4/106         预约/预借

序号 登录号 条形码 馆藏地/架位号 状态 备注
1 0345590   203455901   第一样本阅览室/ [索取号:J523.4/106] 在馆    
2 0345591   203455910   第一借阅区/ [索取号:J523.4/106] 在馆    
唐山师范学院图书馆 欢迎您!
大连网信软件有限公司© 版权所有